书目信息 |
| 题名: |
野兽派
|
|
| 作者: | 李黎阳 编著 | |
| 分册: | ||
| 出版信息: | 北京 人民美术出版社 2000.08 |
|
| 页数: | 170页 | |
| 开本: | 21cm | |
| 丛书名: | 西方现代艺术流派书系 | |
| 单 册: | ||
| 中图分类: | J209.9 | |
| 科图分类: | ||
| 主题词: | 野兽派绘画--西方国家 | |
| 电子资源: | ||
| ISBN: | 7-102-02170-4 | |
| 000 | 00854oam2 2200253 45 | |
| 001 | 012001000000 | |
| 005 | 20041010110256.54 | |
| 010 | @a7-102-02170-4@dCNY 38.00 | |
| 100 | @a20010611d2000 em y0chiy0120 ea | |
| 101 | 0 | @achi |
| 102 | @aCN@b110000 | |
| 105 | @aa z 000yy | |
| 200 | 1 | @a野兽派@AYe Shou Pai@dFauvism@f李黎阳编著@FLi Li Yang Bian Zhu@zeng |
| 210 | @a北京@c人民美术出版社@d2000.08 | |
| 215 | @a170页@c图@d21cm | |
| 225 | 2 | @a西方现代艺术流派书系@f翟墨, 王端廷主编 |
| 314 | @a李黎阳(1964-),女。1990年结业于中国艺术研究院研究生部美术系硕士学位课程进修班。现为中国艺术研究院美术研究所助理研究员。 | |
| 410 | 0 | @12001 @a西方现代艺术流派书系 |
| 510 | 1 | @aFauvism@zeng |
| 606 | 0 | @a野兽派绘画@y西方国家 |
| 690 | @aJ209.9@v4 | |
| 701 | 0 | @a李黎阳@ALi Li Yang@4编著 |
| 801 | 0 | @aCN@bCEPC@c20041010 |
| 905 | @a10447@dJ209.9@eL200 | |
| 野兽派=Fauvism/李黎阳编著.-北京:人民美术出版社,2000.08 |
| 170页:图;21cm.-(西方现代艺术流派书系/翟墨, 王端廷主编) |
| ISBN 7-102-02170-4:CNY 38.00 |
| ● |
| 相关链接 |
|
|
|
正题名:野兽派
索取号:J209.9/L200
 
预约/预借
| 序号 | 登录号 | 条形码 | 馆藏地/架位号 | 状态 | 备注 |
| 1 | 398734 | 203987347 | 艺术设计学院资料室/ [索取号:J209.9/L200] | 在馆 |